000
00276pab a2200109 454500
008
180718b xxu||||| |||| 00| 0 eng d
100
_a
Sasankan, R.
245
_a
Govt. going slow on economic refroms?
650
_a
Economic Development
773
_a
Indian Express
909
_a
22594
999
_c
22594
_d
22594